Türkiye Cumhuriyeti, (1917-1974) / (Record no. 14365)

MARC details
000 -BAŞLIK
Sabit Uzunlukta Kontrol Alanı 00618nam a2200205 4500
999 ## - SİSTEM KONTROL NUMARALARI (KOHA)
Koha Biblionumber 14365
Koha Biblioitemnumber 14365
003 - KONTROL NUMARASI IDENTIFIER
Denetim Alanı MIRAKIL
005 - SON İŞLEM TARİHİ VE ZAMANI
Denetim Alanı 20211214000619.0
008 - SABİT-BOY VERİ ELEMANLARI - GENEL BİLGİLER
Sabit Uzunlukta Kontrol Alanı 210402b tu ||||| |||| 00| 0 tur d
040 ## - KATALOGLAMA KAYNAK
Orijinal Kataloglama Ajansı TR-AnCHP
Metne Dönüştürmek Ajansı TR-AnCHP
041 ## - DİL KODU
Metin / Ses Parça Veya Ayrı Başlığın Dil Kodu Tur
082 ## - DEWEY ONLU SINIFLANDIRMA NUMARASI
Sınıflandırma Numarası 956.102
Ürün Numarası T96 1979
245 10 - BAŞLIK TABLOSU
Başlık Türkiye Cumhuriyeti, (1917-1974) /
Sorumluluk Tablosu, Vb çeviren: Gültekin Emre
260 ## - YAYIN, DAĞITIM, VB
Yayın, Dağıtım, Vb Yeri Ankara:
Yayıncı, Dağıtıcı, Vs Adı Kızılırmak Yayınevi,
Yayın, Dağıtım, Vb Tarihi 1979.
300 ## - FİZİKSEL TANIM
Kapsam 218 s.:
Diğer Fiziksel Ayrıntıları tbl.;
Boyutlar 20 sm.
650 #0 - KONU KATMA GİRİŞ - TOPİKAL DÖNEM
9 (RLIN) 5
Topikal Süreli Veya Coğrafi Ad Giriş Elemanı Türkiye
Genel Alt Bölümü Tarih
Kronolojik Alt Bölümü 1917-1974
650 #0 - KONU KATMA GİRİŞ - TOPİKAL DÖNEM
Topikal Süreli Veya Coğrafi Ad Giriş Elemanı Siyaset ve yönetim
Genel Alt Bölümü Türkiye
Kronolojik Alt Bölümü 1917-1974
9 (RLIN) 9
700 ## - KATMA GİRİŞ - KİŞİSEL İSİM
9 (RLIN) 6681
Kişisel Ad Emre, Gültekin
Relator Terim çev.
942 ## - EKLENDİ GİRİŞ ELEMANLARI (KOHA)
Sınıflandırma Veya Raf Düzeni Kaynak Dewey Decimal Classification
Koha Öğesi Türü Books
999 ## - SİSTEM KONTROL NUMARALARI (KOHA)
Koha Biblioitemnumber 14365
Holdings
Kalıcı Konum Mevcut Konum Edinme Tarihi Toplam Check-Out'Lar Tam Çağrı Numarası Barkod Tarih Son Görülme Kopya Sayısı İtibaren Geçerli Fiyatlar Sigara Kamu Notu Koha Öğesi Türü
CHP Kütüphanesi CHP Kütüphanesi 04/02/2021   956.102 T96 1979 019852 04/02/2021 c.1 04/02/2021 Emine Başak Alkan Bağışıdır. Books